| 000 | 00345nam a2200109 4500 | ||
|---|---|---|---|
| 008 | 240729b |||||||| |||| 00| 0 eng d | ||
| 040 |
_aNational Science Library _cNational Science Library |
||
| 245 | _aEconomie publique | ||
| 260 |
_aParis: _bEditions Du Centre National De La Recherche Scientifique, _c1968 |
||
| 300 | _a599p. | ||
| 942 |
_2udc _cBK |
||
| 999 |
_c65072 _d65072 |
||